Mid-century drama / (Record no. 16316)
[ view plain ]
| 000 -LEADER | |
|---|---|
| fixed length control field | 00796cam a22002771 4500 |
| 001 - CONTROL NUMBER | |
| control field | 16316 |
| 003 - CONTROL NUMBER IDENTIFIER | |
| rucl marc code | BD-RjUL |
| 005 - DATE AND TIME OF LATEST TRANSACTION | |
| control field | 20211209000008.0 |
| 008 - FIXED-LENGTH DATA ELEMENTS--GENERAL INFORMATION | |
| fixed length control field | 140213s1962 enkac 001 0 eng |
| 035 ## - SYSTEM CONTROL NUMBER | |
| System control number | (BD-RjUL)16371 |
| System control number | (OCoLC)5138432 |
| 040 ## - CATALOGING SOURCE | |
| Original cataloging agency | DLC |
| Transcribing agency | TNJ |
| Modifying agency | Uk |
| -- | WU |
| -- | DLC |
| -- | BD-RjUL |
| Language of cataloging | eng |
| 041 ## - LANGUAGE CODE | |
| Language code of text/sound track or separate title | eng |
| 082 04 - DEWEY DECIMAL CLASSIFICATION NUMBER | |
| Edition number | 19 |
| Classification number | 792.0942 |
| Author mark and year | KIM 1962 |
| 100 1# - MAIN ENTRY--PERSONAL NAME | |
| Personal name | Kitchin, Laurence. |
| 9 (RLIN) | 50445 |
| 245 10 - TITLE STATEMENT | |
| Title | Mid-century drama / |
| Statement of responsibility, etc. | Laurence Kitchin. |
| 250 ## - EDITION STATEMENT | |
| Edition statement | [2d ed., rev.] |
| 260 ## - PUBLICATION, DISTRIBUTION, ETC. (IMPRINT) | |
| Place of publication, distribution, etc. | London : |
| Name of publisher, distributor, etc. | Faber and Faber ; |
| Date of publication, distribution, etc. | 1962. |
| 300 ## - PHYSICAL DESCRIPTION | |
| Pagination | 238 p. : |
| Illustrations | illus., ports. ; |
| Size | 23 cm. |
| 504 ## - BIBLIOGRAPHY, ETC. NOTE | |
| Bibliography, etc | Includes index. |
| 650 #0 - SUBJECT ADDED ENTRY--TOPICAL TERM | |
| Topical term or geographic name as entry element | Theater |
| Geographic subdivision | Great Britain |
| General subdivision | History |
| Chronological subdivision | 20th century. |
| 9 (RLIN) | 50394 |
| Topical term or geographic name as entry element | Actors. |
| 9 (RLIN) | 49088 |
| 942 ## - ADDED ENTRY ELEMENTS (KOHA) | |
| Source of classification or shelving scheme | Dewey Decimal Classification |
| Koha item type | Books |
| Lost status | Source of classification or shelving scheme | Damaged status | Not for loan | Collection code | Permanent Location | Current Location | Shelving location | Date acquired | Source of acquisition | Cost, normal purchase price | Total Checkouts | Full call number | Date last seen | Copy number | Koha item type |
|---|---|---|---|---|---|---|---|---|---|---|---|---|---|---|---|
| Dewey Decimal Classification | Not For Loan | Non-fiction | Central Library, University of Rajshahi | Central Library, University of Rajshahi | Reading Room | 31/10/1963 | thomas | 26.25 | 792.0942 KIM 1962 | 13/02/2014 | C-1 | Books | |||
| Dewey Decimal Classification | Non-fiction | Central Library, University of Rajshahi | Central Library, University of Rajshahi | General Stacks | 21/03/1964 | Zeitlinger | 35.00 | 792.0942 KIM 1962 | 24/09/2024 | C-2 | Books |